<?xml version="1.0" encoding="UTF-8"?>
<collection xmlns="http://www.loc.gov/MARC21/slim">
 <record>
  <leader>04887nam a2200337 a 4500</leader>
  <controlfield tag="001">kal4624</controlfield>
  <controlfield tag="003">Gr-AtHEAL</controlfield>
  <controlfield tag="005">20160427084839.0</controlfield>
  <controlfield tag="006">m        d        </controlfield>
  <controlfield tag="008">160413s2015    gr      s           gre|c</controlfield>
  <datafield tag="020" ind1=" " ind2=" ">
   <subfield code="a">9789606030284</subfield>
  </datafield>
  <datafield tag="040" ind1=" " ind2=" ">
   <subfield code="a">GR-AtHEAL</subfield>
   <subfield code="b">gre</subfield>
   <subfield code="c">GR-AtHEAL</subfield>
  </datafield>
  <datafield tag="082" ind1="0" ind2="4">
   <subfield code="a">938</subfield>
   <subfield code="2">23</subfield>
  </datafield>
  <datafield tag="100" ind1="1" ind2=" ">
   <subfield code="a">Αντωνιάδης, Θεόδωρος.</subfield>
   <subfield code="8">1613</subfield>
  </datafield>
  <datafield tag="245" ind1="1" ind2="0">
   <subfield code="a">Ανθολόγιο ρωμαϊκής ελεγείας</subfield>
   <subfield code="h">[Ηλεκτρονικός πόρος] </subfield>
   <subfield code="b">Από τον Κάτουλλο στον Οβίδιο</subfield>
   <subfield code="c">Αντωνιάδης, Θεόδωρος ; Κριτικός αναγνώστης,Φυντίκογλου, Βασίλειος ; Τεχνική επιμέλεια,Βρύσης, Λάζαρος ; Γλωσσική επιμέλεια,Παππάς, Βασίλειος.</subfield>
  </datafield>
  <datafield tag="260" ind1=" " ind2=" ">
   <subfield code="a">Αθήνα :</subfield>
   <subfield code="b">Σύνδεσμος Ελληνικών Ακαδημαϊκών Βιβλιοθηκών,</subfield>
   <subfield code="c">c2015.</subfield>
  </datafield>
  <datafield tag="490" ind1=" " ind2=" ">
   <subfield code="a">Ακαδημαϊκά Ηλεκτρονικά Συγγράμματα και Βοηθήματα Κάλλιπος</subfield>
   <subfield code="8">40</subfield>
  </datafield>
  <datafield tag="520" ind1=" " ind2=" ">
   <subfield code="a">Η δομή του βιβλίου έχει διαμορφωθεί με τέτοιοι τρόπο ώστε κάθε κεφάλαιο να αντιστοιχεί σε μία διδακτική ενότητα (μάθημα) 3 ωρών. Το βιβλίο θα περιέχει εκτενή εισαγωγή στο λογοτεχνικό είδος της ελεγείας με αναφορές σε εκπροσώπους και είδη στην αρχαία ελληνική και ρωμαϊκή λογοτεχνία. Ξεχωριστό κεφάλαιο θα αφορά τη νεωτερική ποίηση της Ρώμης, τους εκπροσώπους της που έγραψαν τις πρώτες ερωτικές ελεγείες, με κυριότερο τον Κάτουλλο και στη συνέχεια τους εκπροσώπους της ρωμαϊκής ελεγείας και τα ποιητολογικά τους χαρακτηριστικά. Ιδιαίτερο επίσης κεφάλαιο θα αφορά τη φιγούρα της ελεγειακής ερωμένης που δεσπόζει στα ποιήματα, και άλλους δευτερεύοντες χαρακτήρες της ρωμαϊκής ελεγείας, τους κοινούς τόπους των ποιημάτων καθώς και στο πολιτικό και λογοτεχνικό συμφραστικό πεδίο της εποχής. Ξεχωριστό κεφάλαιο αποτελεί και η μετρικη της ελεγείας με αναφορά στο ελεγειακό δίστιχο που είναι το μέτρο της ελεγείας. Ο κύριος κορμός του συγγράμματος θα απαρτίζεται από ελεγειακά ποιήματα στη λατινική γλώσσα και από αντίστοιχες μεταφράσεις τους στην ελληνική, ερμηνευτικά και πραγματολογικά σχόλια σε κάθε ποίημα και πλήρες λεξιλόγιο. Τέλος θα υπάρχει και αναλυτικός βιβλιογραφικός οδηγός για τον φοιτητή. Η κύρια μορφή του συγγράμματος, μετά την εισαγωγή, προσφέρεται ειδικά για e-book, καθώς σύμφωνα με τον κατα νου σχεδιασμό, ο φοιτητής θα μπορεί διαβάζοντας κάθε ελεγεία να έχει επιλογές στην οθόνη για μετάφραση, λεξιλόγιο και πραγματολογικά ή ερμηνευτικά σχόλια είτε σε ολόκληρο το ποίημα, είτε κατά στίχο ή κατά λέξη. Bλ. σχετικά τα υποδείγματα που αναρτηθεί ενδεικτικά εδώ.</subfield>
  </datafield>
  <datafield tag="650" ind1=" " ind2="0">
   <subfield code="a">Elegiac poetry, Latin</subfield>
   <subfield code="8">2601</subfield>
  </datafield>
  <datafield tag="653" ind1=" " ind2=" ">
   <subfield code="a">Οβίδιος</subfield>
  </datafield>
  <datafield tag="653" ind1=" " ind2=" ">
   <subfield code="a">Τίβουλλος</subfield>
  </datafield>
  <datafield tag="653" ind1=" " ind2=" ">
   <subfield code="a">Προπέρτιος</subfield>
  </datafield>
  <datafield tag="653" ind1=" " ind2=" ">
   <subfield code="a">Ρωμαϊκή ελεγεία</subfield>
  </datafield>
  <datafield tag="653" ind1=" " ind2=" ">
   <subfield code="a">Τέχνες και γράμματα</subfield>
   <subfield code="a">Φιλολογία</subfield>
  </datafield>
  <datafield tag="653" ind1=" " ind2=" ">
   <subfield code="a">Τέχνες και γράμματα</subfield>
   <subfield code="a">Φιλολογία</subfield>
   <subfield code="a">Κλασική φιλολογία</subfield>
   <subfield code="a">Λατινική φιλολογία</subfield>
  </datafield>
  <datafield tag="700" ind1="1" ind2=" ">
   <subfield code="a">Φυντίκογλου, Βασίλειος</subfield>
   <subfield code="e">Κριτικός αναγνώστης</subfield>
   <subfield code="8">1614</subfield>
  </datafield>
  <datafield tag="856" ind1="4" ind2="0">
   <subfield code="u">http://hdl.handle.net/11419/4624</subfield>
   <subfield code="z">Πλήρες Κείμενο - Full text</subfield>
  </datafield>
  <datafield tag="907" ind1=" " ind2=" ">
   <subfield code="a">.b25677548</subfield>
   <subfield code="b">12-06-18</subfield>
   <subfield code="c">29-07-16</subfield>
  </datafield>
  <datafield tag="949" ind1=" " ind2=" ">
   <subfield code="0">0</subfield>
   <subfield code="1">0</subfield>
   <subfield code="2">ddc</subfield>
   <subfield code="4">0</subfield>
   <subfield code="6">938_000000000000000_ΑΝΤ</subfield>
   <subfield code="7">0</subfield>
   <subfield code="8">KALL</subfield>
   <subfield code="8">512</subfield>
   <subfield code="d">2016-04-13</subfield>
   <subfield code="r">2016-04-13</subfield>
   <subfield code="w">2016-04-13</subfield>
   <subfield code="z">938 ΑΝΤ</subfield>
   <subfield code="o">SEAB KALLIPOS</subfield>
  </datafield>
  <datafield tag="998" ind1=" " ind2=" ">
   <subfield code="a">80</subfield>
   <subfield code="a">01</subfield>
   <subfield code="a">02</subfield>
   <subfield code="a">03</subfield>
   <subfield code="a">04</subfield>
   <subfield code="a">05</subfield>
   <subfield code="a">06</subfield>
   <subfield code="a">07</subfield>
   <subfield code="a">08</subfield>
   <subfield code="a">09</subfield>
   <subfield code="a">10</subfield>
   <subfield code="a">11</subfield>
   <subfield code="a">12</subfield>
   <subfield code="a">13</subfield>
   <subfield code="a">14</subfield>
   <subfield code="a">15</subfield>
   <subfield code="a">16</subfield>
   <subfield code="a">17</subfield>
   <subfield code="a">18</subfield>
   <subfield code="a">19</subfield>
   <subfield code="a">20</subfield>
   <subfield code="a">21</subfield>
   <subfield code="a">22</subfield>
   <subfield code="a">23</subfield>
   <subfield code="a">24</subfield>
   <subfield code="a">25</subfield>
   <subfield code="a">26</subfield>
   <subfield code="b">10-05-17</subfield>
   <subfield code="c">m</subfield>
   <subfield code="d">z  </subfield>
   <subfield code="e">-</subfield>
   <subfield code="f">gre</subfield>
   <subfield code="g">gr </subfield>
   <subfield code="h">0</subfield>
  </datafield>
  <datafield tag="942" ind1=" " ind2=" ">
   <subfield code="2">ddc</subfield>
   <subfield code="c">KALLIPOS</subfield>
  </datafield>
 </record>
</collection>
